Fixed commitments, uncertain incomes: sustainable owner-occupation and the economy. (Record no. 96815)
[ view plain ]
| 000 -LEADER | |
|---|---|
| fixed length control field | 01172cam a2200301 4500 |
| 008 - FIXED-LENGTH DATA ELEMENTS--GENERAL INFORMATION | |
| fixed length control field | 090401t1997 xxu||||| |||| 00| 0 eng d |
| 020 ## - INTERNATIONAL STANDARD BOOK NUMBER | |
| International Standard Book Number | 1859350399 |
| 035 ## - SYSTEM CONTROL NUMBER | |
| System control number | (Sirsi) u82678 |
| 041 ## - LANGUAGE CODE | |
| Language code of text/sound track or separate title | eng |
| 050 ## - LIBRARY OF CONGRESS CALL NUMBER | |
| Classification number | 306.13 |
| 100 ## - MAIN ENTRY--PERSONAL NAME | |
| Personal name | Maclennan, Duncan |
| 245 ## - TITLE STATEMENT | |
| Title | Fixed commitments, uncertain incomes: sustainable owner-occupation and the economy. |
| 260 ## - PUBLICATION, DISTRIBUTION, ETC. | |
| Place of publication, distribution, etc. | York |
| Name of publisher, distributor, etc. | Joseph Rowntree Foundation |
| Date of publication, distribution, etc. | 1997 |
| 300 ## - PHYSICAL DESCRIPTION | |
| Extent | 60p. ; 30cm. |
| 350 ## - PRICE (NR) (BK AM CF MU VM SE) [OBSOLETE] | |
| Price | 11.95 |
| 520 ## - SUMMARY, ETC. | |
| Summary, etc. | The report looks at whether changes in the economic situation of home-owners and mortgage borrowers has influenced market developments and affected the stability of the market. It also considers whether labour market changes led to a permanent shift in the demand for owner-occupation and what policy actions would promote sustainability in the owner-occupied sector. |
| 650 ## - SUBJECT ADDED ENTRY--TOPICAL TERM | |
| Topical term or geographic name entry element | ECONOMIC CYCLES |
| 650 ## - SUBJECT ADDED ENTRY--TOPICAL TERM | |
| Topical term or geographic name entry element | HOUSING MARKET |
| 650 ## - SUBJECT ADDED ENTRY--TOPICAL TERM | |
| Topical term or geographic name entry element | OWNER-OCCUPIERS |
| 650 ## - SUBJECT ADDED ENTRY--TOPICAL TERM | |
| Topical term or geographic name entry element | Sustainability |
| 9 (RLIN) | 6271 |
| 690 ## - LOCAL SUBJECT ADDED ENTRY--TOPICAL TERM (OCLC, RLIN) | |
| Topical term or geographic name as entry element | HOUSING |
| 700 ## - ADDED ENTRY--PERSONAL NAME | |
| Personal name | Meen, Geoff |
| 700 ## - ADDED ENTRY--PERSONAL NAME | |
| Personal name | Gibb, Kenneth |
| 700 ## - ADDED ENTRY--PERSONAL NAME | |
| Personal name | Stephens, Mark |
| 710 ## - ADDED ENTRY--CORPORATE NAME | |
| Corporate name or jurisdiction name as entry element | Joseph Rowntree Foundation |
| 9 (RLIN) | 2318 |
| 942 ## - ADDED ENTRY ELEMENTS (KOHA) | |
| Suppress in OPAC | 0 |
| 948 ## - LOCAL PROCESSING INFORMATION (OCLC); SERIES PART DESIGNATOR (RLIN) | |
| c (OCLC) | 15/12/1997 |
| Withdrawn status | Lost status | Source of classification or shelving scheme | Damaged status | Not for loan | Home library | Current library | Shelving location | Date acquired | Cost, normal purchase price | Total Checkouts | Full call number | Barcode | Date last seen | Date last checked out | Copy number | Cost, replacement price | Price effective from | Koha item type |
|---|---|---|---|---|---|---|---|---|---|---|---|---|---|---|---|---|---|---|
| Dewey Decimal Classification | London | London | Folio | 29/01/1998 | 11.95 | 1 | F306.13 MAC | 30054798 | 06/08/2019 | 13/03/2003 | 1 | 11.95 | 06/08/2019 | Book |